Statistics for Pixar A to Z

Click here to take the quiz!

General Stats

  • This quiz has been taken 43 times
  • The average score is 15 of 25

Answer Stats

LetterHintAnswer% Correct
AOwner of WoodyAndy
97%
WToy SheriffWoody
97%
BAstronaut who thinks he's a Space RangerBuzz Lightyear
94%
NClownfish with a lucky finNemo
94%
IMovie about a superhero familyIncredibles
91%
MMonster who has one eye and attended MUMike Wazowski
82%
VDaughter of Mr. Incredible and ElastigirlViolet
82%
SEmotion who was being dragged aroundSadness
76%
EA Probe Droid who likes WALL-EEVE
71%
FSuperhero who has ice powersFrozone
71%
HPiggy bank who is voiced by John RatzenbergerHamm
71%
JBaby who's siblings are Violet and DashJack-Jack
68%
LRace car who ends up in Radiator SpringsLightning McQueen
62%
CSea turle who travels on the EACCrush
53%
DDog who has a collar that lets him talkDug
53%
UVillain who blows up stuff from undergroundUnderminer
50%
ZFather of BuzzZurg
50%
KSnipe who loves to eat chocolate and balloonsKevin
44%
QPrincess Atta's motherQueen
44%
OMovie about two brothers trying to revive their dadOnward
41%
RRat who wants to know how to cookRemy
41%
GPittie who changes McQueen's tiresGuido
21%
PShort that played before WALL-EPresto
18%
YSon to Lord MacintoshYoung Macintosh
12%
TBug toy who is friends with LotsoTwitch
9%

Score Distribution

Percentile by Number Answered

Percent of People with Each Score

Your Score History

You have not taken this quiz